000 00629nam a2200193 i 4500
001 121569
003 ES-MaACL
005 20250907063104.0
007 t|
008 070214s1972 sp r ||||1| spa d
100 1 _aValdelomar, Jorge Plantada y Aznar,
_cMarqués de
_9112483
245 1 0 _aCarlismo y masonería
_b: tácticas alucinantes /
_cEl Marqués de Valdelomar.
260 _aMadrid :
_bPrensa Española,
_c1972.
300 _a193 p., 4 lám. ;
_c21 cm.
610 2 4 _aPartido Carlista.
_96133
610 2 4 _aMasonería-
_zEspaña.
_9145653
852 _aES-MaACL
_jC-45712
_bR.83944
999 _c121569
_d121569